000 00543nam a2200133Ia 4500
008 100328s9999 xx 000 0 und d
082 _b38383
100 _aकयाळ वि.द.
245 _aस्वा.लढयातील अमर क्रांतिकारक
260 _bविश्व हिंदू परिषद
630 _aस्वा.लढयातील अमर क्रांतिकारक
730 _aस्वा.लढयातील अमर क्रांतिकारक
942 _cBOOK
999 _c527583
_d527580